000 00511nam a22001697a 4500
003 MACL
005 20160130163215.0
008 160130b xxu||||| |||| 00| 0 eng d
040 _cMACL
041 _aHindi
082 _a340/CHA
100 _aमुरलीधर चतुर्वेदी
_934674
245 _aभा‍र‍तीय दंड संहिता
260 _aलखनउ
_bईस्‍टर्न बुक कम्‍पनी
_c1980
650 _aLaw
_936290
942 _2ddc
_cHIN
999 _c52968
_d52968